Factors influencing hotel room supply and demand in Kenya : (Record no. 13818)
[ view plain ]
| 000 -LEADER | |
|---|---|
| fixed length control field | 00655nam a22002052 4500 |
| 001 - CONTROL NUMBER | |
| control field | 0000021336 |
| 005 - DATE AND TIME OF LATEST TRANSACTION | |
| control field | 20151217155909.0 |
| 008 - FIXED-LENGTH DATA ELEMENTS--GENERAL INFORMATION | |
| fixed length control field | 120315s xx 000 0 eng d |
| 020 ## - INTERNATIONAL STANDARD BOOK NUMBER | |
| International Standard Book Number | 9966777512 : |
| 040 ## - CATALOGING SOURCE | |
| Original cataloging agency | KABU |
| Transcribing agency | KABU |
| 100 1# - MAIN ENTRY--PERSONAL NAME | |
| Personal name | Ndubi, Edgar. |
| -- | 0000182157 |
| 245 10 - TITLE STATEMENT | |
| Title | Factors influencing hotel room supply and demand in Kenya : |
| Remainder of title | a simultaneous equations model / |
| Statement of responsibility, etc. | Edgar Ndubi. |
| 250 ## - EDITION STATEMENT | |
| Edition statement | 1st ed. |
| 260 ## - PUBLICATION, DISTRIBUTION, ETC. (IMPRINT) | |
| Place of publication, distribution, etc. | Nairobi : |
| Name of publisher, distributor, etc. | KIPPRA, |
| Date of publication, distribution, etc. | 2009. |
| 300 ## - PHYSICAL DESCRIPTION | |
| Extent | v, 57 p. |
| 650 #0 - SUBJECT ADDED ENTRY--TOPICAL TERM | |
| Topical term or geographic name as entry element | Hotels |
| General subdivision | Econometric models |
| Geographic subdivision | Kenya. |
| -- | 0000182158 |
| 852 1# - LOCATION | |
| -- | p400 KES |
| 908 ## - PUT COMMAND PARAMETER (RLIN) | |
| Put command parameter | 120315 |
| 950 ## - LOCAL HOLDINGS (RLIN) | |
| -- | 1 |
| Withdrawn status | Lost status | Source of classification or shelving scheme | Not for loan | Home library | Current library | Date acquired | Total Checkouts | Full call number | Barcode | Date last seen | Price effective from | Koha item type |
|---|---|---|---|---|---|---|---|---|---|---|---|---|
| Library of Congress Classification | Kabarak, Main Campus | Kabarak, Main Campus | 17/12/2015 | TX910 .K4N48 2009 c. 1 | 20608 | 17/12/2015 | 17/12/2015 | Africana Collection |